Представление документа в формате MARC21

Поле Инд. ПП Название Значение
Тип записи a
Библиографический уровень m
001 Контрольный номер 2b1631a8ed0042728aa6c7111101036f
005 Дата корректировки 20210311122522.5
008 Кодируемые данные 210311|||||||||ru |||||||||||||||||rus||
041 0_ a Код языка текста rus
084 a Индекс другой классификации/Индекс ББК 94+47.4
090 a Полочн. индекс 94
x Авторский знак Б 82
100 1_ a Автор Борисов Р. Р.
203 a Вид содержания Текст
c Тип средства непосредственное
245 10 a Заглавие Морфология и поведение десятиногих ракообразных (Crustacea: Decapoda) в постэмбриональном онтогенезе
b Продолж. заглавия автореф. дис. ... д-ра биол. наук : 03.02.10
c Ответственность Федеральное государственное бюджетное научное учреждение "Всероссийский научно-исследовательский институт рыбного хозяйства и океанографии ( ФГБНУ ВНИРО)
260 a Место издания Москва
c Дата издания 2020
300 a Объем 48 с.
b Иллюстрации/ тип воспроизводства ил.
504 a Библиография Библиография: с. 44-48
650 04 a Основная рубрика Промысловые водные беспозвоночные-Ракообразные-Авторефераты диссертаций
653 0_ a Ключевые слова Авторефераты диссертаций
a Ключевые слова Аквакультура ракообразных
a Ключевые слова Водные беспозвоночные
a Ключевые слова Десятиногие ракообразные
a Ключевые слова Крабы
a Ключевые слова Креветки
a Ключевые слова Культивирование ракообразных
a Ключевые слова Морфология рыб
a Ключевые слова Онтогенез
a Ключевые слова Поведение рыб
a Ключевые слова Раки
a Ключевые слова Популяции ракообразных
a Ключевые слова Промысловые водные беспозвоночные
a Ключевые слова Ракообразные
901 t Тип документа r